00665nam a2200205 a 4500001001000000005001700010008004100027020001800068041000800086044000700094050002400101100002800125245005600153260005200209300002400261440007300285651003900358651002300397651003900420BRCA_216120190320203708.0851003s2007 mx-a---##b---f001-0bspa-# a9789708260091 aspa amx 4aF1226.V3b.V45 20071 aVelázquez, Gustavo G.10aRetablos de Valle de BravocGustavo G. Velázquez. aMéxicobGobierno del Estado de Méxicoc2007 a134 p.bil.c20 cm. 0aLecturas de cabecera de la Biblioteca Mexiquense del Bicentenariov1 4aValle de BravoxHistoriazMéxico 4aMéxicoxHistoria 4aMéxicoxVida social y costumbres